| 000 | 005380000a22001810004500 | ||
|---|---|---|---|
| 003 | LK-CoMWRAF | ||
| 005 | 20230921105914.0 | ||
| 008 | 230817t1984 ||||| |||| 00| 0 eng d | ||
| 040 |
_aLK-CoMWRAF _dLK-CoMWRAF _eLK-CoMWRAF |
||
| 041 | _aeng | ||
| 082 |
_a305.8 _bROY |
||
| 100 | _aRoy, Shibani | ||
| 245 |
_aThe Dawoodi Bohras: _ban anthropological perspectives |
||
| 260 |
_aDelhi: _bB.R. Publishing, _c1984 |
||
| 300 |
_axv,191p.,[8]p.of plates. _bBibliography, index and glossary included |
||
| 650 | _aISMAILITIES-India | ||
| 942 | _cBK | ||
| 999 |
_c1559 _d1559 |
||